00581nam a2200169Ia 4500008004100000020001800041082001900059100002800078245007600106250001000182260002200192300001100214500004200225650003400267952009300301999001700394120622s9999 xx 000 0 und d a968-452-437-4 a462 C828e 1990 aCortés Avila, Gabriel aEtimologías latinas y griegas del castellano / Gabriel Cortés Avila a4a ed aMéxico : [s.n.] a316 p. aIncluye bibliografía y vocabularios a1. ESPAÑOL - ETIMOLOGIASÌ 00104070a01b01d2007-01-25l0o462 C828E 1990p01 001748r2023-07-18w2012-06-24yLB c58765d58765